[Event "Santa Coloma op rapid 8th"]
[Site "Santa Coloma"]
[Date "2015.06.07"]
[Round "1"]
[White "Alarcon Casellas, Rolando"]
[Black "Torner Planell, Jordi"]
[Result "1-0"]
[WhiteElo "2404"]
[BlackElo "1843"]
[PlyCount "78"]
[EventDate "2015.06.07"]
[EventType "swiss (rapid)"]
[EventRounds "8"]
[EventCountry "ESP"]
[SourceTitle "CBM 166 Extra"]
[Source "ChessBase"]
[SourceDate "2015.06.18"]
[SourceVersion "1"]
[SourceVersionDate "2015.06.18"]
[SourceQuality "1"]

1. e4 e5 2. Nf3 Nc6 3. Bc4 Bc5 4. 0-0 Nf6 5. d4 Bxd4 6. Nxd4 Nxd4 7. f4 d6 8. c3 Nc6 9. f5 Bd7 10. Bg5 h6 11. Bh4 Qe7 12. Nd2 Na5 13. Bd3 Nc6 14. b4 a6 15. Nc4 b5 16. Ne3 Nb8 17. Kh1 Bc6 18. a4 Nbd7 19. axb5 axb5 20. Rxa8+ Bxa8 21. Bxb5 0-0 22. Bxd7 Qxd7 23. Bxf6 gxf6 24. Qg4+ Kh7 25. Qh4 Rg8 26. Ng4 Rxg4 27. Qxg4 Qc6 28. Qf3 Qxe4 29. Qxe4 Bxe4 30. Kg1 c6 31. g4 d5 32. Kf2 Kg7 33. Ra1 d4 34. cxd4 exd4 35. Rd1 d3 36. Ke3 Bd5 37. Rxd3 Kf8 38. Kd4 Ke7 39. Kc5 Bf3 1-0

[Event "London Classic op"]
[Site "London"]
[Date "2011.12.11"]
[Round "9"]
[White "Flynn, David"]
[Black "Torner Planell, Jordi"]
[Result "1-0"]
[WhiteElo "1978"]
[BlackElo "1917"]
[PlyCount "113"]
[EventDate "2011.12.03"]
[EventType "swiss"]
[EventRounds "9"]
[EventCountry "ENG"]
[SourceTitle "CBM 145 Extra"]
[Source "ChessBase"]
[SourceDate "2012.01.03"]
[SourceVersion "1"]
[SourceVersionDate "2012.01.03"]
[SourceQuality "1"]

1. e4 d6 2. d4 Nf6 3. Nc3 e5 4. Nf3 Nbd7 5. Bc4 Be7 6. 0-0 0-0 7. Re1 c6 8. a4 a5 9. dxe5 Nxe5 10. Nxe5 dxe5 11. Qxd8 Rxd8 12. f3 Nd7 13. Be3 Nc5 14. Red1 Bd7 15. Rd2 Be8 16. Rad1 Rxd2 17. Rxd2 b6 18. Kf2 h6 19. g3 Kh7 20. b3 Rb8 21. Rd1 Ne6 22. Bf1 Nd4 23. Bxd4 exd4 24. Ne2 c5 25. Nf4 b5 26. axb5 Bxb5 27. Bxb5 Rxb5 28. Ra1 Bd8 29. Ra4 Kg8 30. Ke2 Kf8 31. Kd3 Rb8 32. Kc4 Rc8 33. Kd5 Rc7 34. Rc4 Be7 35. Nd3 Rd7+ 36. Kc6 Ke8 37. Nxc5 Bxc5 38. Rxc5 d3 39. Re5+ Kd8 40. cxd3 Rc7+ 41. Kb5 Rc3 42. Rd5+ Ke7 43. Ka4 Rc1 44. Rxa5 Kd6 45. Kb4 Rb1 46. Ra7 Rd1 47. Kc3 Ke6 48. Ra2 Rc1+ 49. Rc2 Rb1 50. Rb2 Rc1+ 51. Kd4 f5 52. exf5+ Kxf5 53. b4 Ke6 54. b5 Rc7 55. b6 Rb7 56. Kc5 Kd7 57. Ra2 1-0

[Event "London Classic op"]
[Site "London"]
[Date "2011.12.09"]
[Round "7"]
[White "Shepley, Julien M"]
[Black "Torner Planell, Jordi"]
[Result "1-0"]
[WhiteElo "2043"]
[BlackElo "1917"]
[PlyCount "87"]
[EventDate "2011.12.03"]
[EventType "swiss"]
[EventRounds "9"]
[EventCountry "ENG"]
[SourceTitle "CBM 145 Extra"]
[Source "ChessBase"]
[SourceDate "2012.01.03"]
[SourceVersion "1"]
[SourceVersionDate "2012.01.03"]
[SourceQuality "1"]

1. e4 e5 2. Nc3 Nc6 3. Bc4 Nf6 4. d3 d6 5. f4 Bg4 6. Nf3 Nd4 7. fxe5 dxe5 8. Bxf7+ Kxf7 9. Nxe5+ Ke8 10. Nxg4 Nxg4 11. Qxg4 Nxc2+ 12. Ke2 Qd7 13. Qxd7+ Kxd7 14. Rb1 Bc5 15. Bf4 Nd4+ 16. Kd2 Bb4 17. Rhf1 Rhf8 18. Be3 Ne6 19. d4 c6 20. a3 Bd6 21. g3 h6 22. Ke2 Bc7 23. d5 cxd5 24. exd5 Ng5 25. Bxg5 hxg5 26. Rxf8 Rxf8 27. Ne4 Bd8 28. Nc5+ Kc8 29. Ne6 Re8 30. Kf3 Bf6 31. Rc1+ Kb8 32. Rc2 Re7 33. Kg4 Rd7 34. Rd2 a5 35. Nxg5 Bxg5 36. Kxg5 Kc7 37. Kg6 Kd6 38. g4 b5 39. g5 b4 40. axb4 axb4 41. h4 Kc5 42. d6 Kc4 43. h5 Kb3 44. h6 1-0

[Event "London Classic op"]
[Site "London"]
[Date "2011.12.08"]
[Round "6"]
[White "Torner Planell, Jordi"]
[Black "Kalerwa, Edwin M"]
[Result "1-0"]
[WhiteElo "1917"]
[BlackElo "1728"]
[PlyCount "79"]
[EventDate "2011.12.03"]
[EventType "swiss"]
[EventRounds "9"]
[EventCountry "ENG"]
[SourceTitle "CBM 145 Extra"]
[Source "ChessBase"]
[SourceDate "2012.01.03"]
[SourceVersion "1"]
[SourceVersionDate "2012.01.03"]
[SourceQuality "1"]

1. Nf3 d5 2. d4 Nf6 3. g3 g6 4. Bg2 c5 5. dxc5 Qa5+ 6. Nc3 Nc6 7. 0-0 e6 8. Be3 Bg7 9. Nd4 Ng4 10. Nxc6 bxc6 11. Bg5 h6 12. Bd2 Qxc5 13. e4 h5 14. h3 Ne5 15. Be3 Qb4 16. Bd2 Qxb2 17. Rb1 Qa3 18. exd5 exd5 19. Rb3 Qa6 20. Re1 0-0 21. Bf1 Nc4 22. Bf4 Be6 23. Be5 Bxe5 24. Rxe5 Qc8 25. Bxc4 dxc4 26. Rb1 Bxh3 27. Ne4 Qd8 28. Qe1 Bg4 29. Qc3 f6 30. Qxc4+ Rf7 31. Re8+ Qxe8 32. Nxf6+ Kg7 33. Nxe8+ Rxe8 34. Qc3+ Kh7 35. Re1 Ref8 36. f4 h4 37. gxh4 Rxf4 38. Re7+ R8f7 39. Rxf7+ Rxf7 40. Qc4 1-0

[Event "London Classic op"]
[Site "London"]
[Date "2011.12.05"]
[Round "3"]
[White "Melcon Diez, Enrique"]
[Black "Torner Planell, Jordi"]
[Result "0-1"]
[WhiteElo "1632"]
[BlackElo "1917"]
[PlyCount "52"]
[EventDate "2011.12.03"]
[EventType "swiss"]
[EventRounds "9"]
[EventCountry "ENG"]
[SourceTitle "CBM 145 Extra"]
[Source "ChessBase"]
[SourceDate "2012.01.03"]
[SourceVersion "1"]
[SourceVersionDate "2012.01.03"]
[SourceQuality "1"]

1. c4 e5 2. Nc3 Nf6 3. Nf3 Nc6 4. g3 d5 5. cxd5 Nxd5 6. Bg2 Nb6 7. 0-0 Be7 8. a3 0-0 9. b4 Re8 10. d3 Bf8 11. Bb2 Nd4 12. Nxd4 exd4 13. Nb5 c5 14. Rc1 a6 15. bxc5 axb5 16. cxb6 Qxb6 17. Bf3 Bxa3 18. Ra1 b4 19. Qb1 Qd6 20. Rc1 h6 21. Rc4 Ra5 22. Rxd4 Qa6 23. e3 Be6 24. Bxa3 Rxa3 25. Rxa3 bxa3 26. Bxb7 a2 0-1

[Event "Balaguer op 16th "]
[Site "Balaguer"]
[Date "2011.07.21"]
[Round "5"]
[White "Orrit Sole, Gerard"]
[Black "Torner Planell, Jordi"]
[Result "0-1"]
[WhiteElo "1711"]
[BlackElo "1935"]
[PlyCount "45"]
[EventDate "2011.07.17"]
[EventType "swiss"]
[EventRounds "9"]
[EventCountry "ESP"]
[SourceTitle "CBM 143 Extra"]
[Source "ChessBase"]
[SourceDate "2011.08.29"]
[SourceVersion "1"]
[SourceVersionDate "2011.08.29"]
[SourceQuality "1"]

1. Nf3 Nf6 2. g3 d5 3. Bg2 Bf5 4. 0-0 e6 5. d3 h6 6. Nbd2 Nbd7 7. Re1 Bc5 8. h3 0-0 9. e4 dxe4 10. dxe4 Bh7 11. e5 Nh5 12. g4 Nf4 13. Bf1 f5 14. exf6 Nxf6 15. c3 Qe7 16. Qb3 N6d5 17. Ne4 Bxe4 18. Rxe4 Nxh3+ 19. Bxh3 Rxf3 20. Bg2 Rxf2 21. Rd4 Qh4 22. Qxb7 Raf8 23. Bxh6 0-1

[Event "Calvia Amateur op 7th"]
[Site "Calvia"]
[Date "2010.10.11"]
[Round "3"]
[White "Veras Sanz, Jose Antonio"]
[Black "Torner Planell, Jordi"]
[Result "0-1"]
[WhiteElo "1715"]
[BlackElo "1966"]
[PlyCount "52"]
[EventDate "2010.10.09"]
[EventType "swiss"]
[EventRounds "9"]
[EventCountry "ESP"]
[SourceTitle "EXT 2011"]
[Source "ChessBase"]
[SourceDate "2010.11.26"]
[SourceVersion "1"]
[SourceVersionDate "2010.11.26"]
[SourceQuality "1"]

1. e4 d6 2. d4 Nf6 3. Nc3 Nbd7 4. Bc4 e5 5. dxe5 Nxe5 6. Bb3 Be7 7. Bg5 c6 8. Qd2 h6 9. Bxf6 Bxf6 10. 0-0-0 0-0 11. f4 Bg4 12. Nge2 Qb6 13. h3 Bxe2 14. Nxe2 Rad8 15. g4 Nd7 16. g5 hxg5 17. fxg5 Be5 18. g6 d5 19. gxf7+ Rxf7 20. exd5 Nc5 21. Qe3 Bxb2+ 22. Kb1 cxd5 23. Rxd5 Rxd5 24. Qe8+ Kh7 25. Qxf7 Nxb3 26. Qxd5 Nd2+ 0-1

[Event "Politiken Cup 32nd"]
[Site "Copenhagen"]
[Date "2010.08.01"]
[Round "2"]
[White "Torner Planell, Jordi"]
[Black "Ochsner, Bjorn Moller"]
[Result "0-1"]
[WhiteElo "1978"]
[BlackElo "2165"]
[PlyCount "88"]
[EventDate "2010.07.31"]
[EventType "swiss"]
[EventRounds "10"]
[EventCountry "DEN"]
[SourceTitle "CBM 137 Extra"]
[Source "ChessBase"]
[SourceDate "2010.09.01"]
[SourceVersion "1"]
[SourceVersionDate "2010.09.01"]
[SourceQuality "1"]

1. d4 Nf6 2. Nf3 e6 3. g3 b6 4. Bg2 Bb7 5. 0-0 c5 6. c4 cxd4 7. Qxd4 Nc6 8. Qd1 d5 9. cxd5 Nxd5 10. e4 Nf6 11. Qa4 Nd7 12. Rd1 Qc8 13. Be3 Nc5 14. Bxc5 Bxc5 15. Nbd2 0-0 16. Nc4 Rd8 17. Rxd8+ Qxd8 18. Rd1 Qc7 19. e5 Rd8 20. Rd2 g6 21. Qd1 Ba6 22. Rxd8+ Qxd8 23. Qxd8+ Nxd8 24. Ncd2 Nc6 25. Ne4 Be7 26. a3 Be2 27. Ned2 Bf8 28. Bf1 Bxf1 29. Kxf1 Bg7 30. Nc4 b5 31. Nd6 a6 32. b3 Bf8 33. a4 Nxe5 34. Nxe5 Bxd6 35. Nc6 bxa4 36. bxa4 Kf8 37. Ke2 Ke8 38. Nd4 Kd7 39. Nb3 Kc6 40. Kd3 Kd5 41. h3 f5 42. Na5 e5 43. Nb3 e4+ 44. Kc3 Bc5 0-1

[Event "La Pobla de Lillet op 19th"]
[Site "La Pobla de Lillet"]
[Date "2009.08.??"]
[Round "1"]
[White "Movsziszian, Karen"]
[Black "Torner Planell, Jordi"]
[Result "0-1"]
[WhiteElo "2570"]
[BlackElo "1952"]
[PlyCount "47"]
[EventDate "2009.08.02"]
[EventType "swiss"]
[EventRounds "9"]
[EventCountry "ESP"]
[SourceTitle "CBM 131 Extra"]
[Source "ChessBase"]
[SourceDate "2009.09.03"]
[SourceVersion "2"]
[SourceVersionDate "2009.09.16"]
[SourceQuality "1"]

1. g3 d5 2. Bg2 Nf6 3. Nf3 g6 4. 0-0 Bg7 5. d4 0-0 6. c4 c6 7. Qb3 e6 8. Nc3 Nbd7 9. Bf4 dxc4 10. Qxc4 Nb6 11. Qb3 Nbd5 12. Be5 Qe7 13. Rfe1 Rd8 14. e4 Nxc3 15. bxc3 b6 16. a4 Bd7 17. a5 b5 18. c4 a6 19. c5 Ne8 20. Bxg7 Kxg7 21. d5 cxd5 22. exd5 Qxc5 23. Ne5 Bc8 24. Nxf7 0-1

[Event "Barbera del Valles op-A 30th"]
[Site "Barbera del Valles"]
[Date "2007.07.11"]
[Round "6"]
[White "Molano Lafuente, Ismael"]
[Black "Torner Planell, Jordi"]
[Result "1/2-1/2"]
[WhiteElo "1951"]
[BlackElo "1977"]
[PlyCount "28"]
[EventDate "2007.07.06"]
[EventType "swiss"]
[EventRounds "9"]
[EventCountry "ESP"]
[SourceTitle "CBM 119 Extra"]
[Source "ChessBase"]
[SourceDate "2007.09.04"]
[SourceVersion "1"]
[SourceVersionDate "2007.09.04"]
[SourceQuality "1"]

1. e4 c5 2. Nf3 Nc6 3. d4 cxd4 4. Nxd4 Nf6 5. Nc3 d6 6. Bg5 Bd7 7. Qd2 Nxd4 8. Qxd4 Qa5 9. Bxf6 gxf6 10. 0-0-0 Bg7 11. f4 Rc8 12. f5 Bh6+ 13. Kb1 Bf4 14. Qd5 Qxd5 1/2-1/2

[Event "Barbera del Valles op-A 30th"]
[Site "Barbera del Valles"]
[Date "2007.07.10"]
[Round "5"]
[White "Torner Planell, Jordi"]
[Black "Barranco Montilla, Cristobal"]
[Result "0-1"]
[WhiteElo "1977"]
[BlackElo "2193"]
[PlyCount "78"]
[EventDate "2007.07.06"]
[EventType "swiss"]
[EventRounds "9"]
[EventCountry "ESP"]
[SourceTitle "CBM 119 Extra"]
[Source "ChessBase"]
[SourceDate "2007.09.04"]
[SourceVersion "1"]
[SourceVersionDate "2007.09.04"]
[SourceQuality "1"]

1. Nf3 g6 2. c4 c5 3. Nc3 Bg7 4. g3 Nc6 5. Bg2 d6 6. b3 e5 7. e4 Nge7 8. d3 0-0 9. Bb2 h6 10. Qd2 Rb8 11. h3 Be6 12. Nd5 Nd4 13. Nxd4 exd4 14. Nxe7+ Qxe7 15. 0-0 f5 16. f4 Kh7 17. Rae1 Qd7 18. Kh2 b5 19. exf5 Bxf5 20. g4 Be6 21. Be4 Bf7 22. f5 Be5+ 23. Kg1 bxc4 24. dxc4 g5 25. f6+ Kh8 26. Bf5 Be6 27. h4 Bxf5 28. Rxf5 Bxf6 29. Bc1 Bg7 30. Ref1 Rxf5 31. gxf5 Bf6 32. Qe2 Qg7 33. Rf2 gxh4+ 34. Rg2 Bg5 35. Qe6 Rg8 36. Qe4 Be3+ 37. Bxe3 Qxg2+ 38. Qxg2 Rxg2+ 39. Kxg2 dxe3 0-1

[Event "Barbera del Valles op-A 30th"]
[Site "Barbera del Valles"]
[Date "2007.07.06"]
[Round "1"]
[White "Alonso Rosell, Alvar"]
[Black "Torner Planell, Jordi"]
[Result "1-0"]
[WhiteElo "2285"]
[BlackElo "1977"]
[PlyCount "59"]
[EventDate "2007.07.06"]
[EventType "swiss"]
[EventRounds "9"]
[EventCountry "ESP"]
[SourceTitle "CBM 119 Extra"]
[Source "ChessBase"]
[SourceDate "2007.09.04"]
[SourceVersion "1"]
[SourceVersionDate "2007.09.04"]
[SourceQuality "1"]

1. d4 Nf6 2. c4 e6 3. Nc3 d5 4. cxd5 Nxd5 5. e4 Nxc3 6. bxc3 c5 7. Nf3 cxd4 8. cxd4 Nc6 9. a3 Be7 10. Be2 0-0 11. 0-0 b6 12. Bb2 Bb7 13. Bd3 Rc8 14. Qe2 Rc7 15. Rad1 Qa8 16. d5 Na5 17. Nd4 exd5 18. Nf5 f6 19. exd5 Bd8 20. d6 Rcf7 21. Qg4 Kh8 22. Rfe1 Bc8 23. Qh4 g6 24. Ne7 Bf5 25. Bxf5 gxf5 26. Ng6+ Kg8 27. Nxf8 Kxf8 28. Qh6+ Rg7 29. f3 Qxf3 30. Qxg7+ 1-0

[Event "Catalunya-ch"]
[Site "Barcelona"]
[Date "2007.04.02"]
[Round "2"]
[White "Torner Planell, Jordi"]
[Black "Corrales Adamuz, Cristian"]
[Result "1-0"]
[WhiteElo "1992"]
[BlackElo "1850"]
[PlyCount "69"]
[EventDate "2007.04.01"]
[EventType "swiss"]
[EventRounds "9"]
[EventCountry "ESP"]
[SourceTitle "CBM 117 Extra"]
[Source "ChessBase"]
[SourceDate "2007.05.09"]
[SourceVersion "1"]
[SourceVersionDate "2007.05.09"]
[SourceQuality "1"]

1. d4 d5 2. c4 c6 3. cxd5 cxd5 4. Bf4 Nc6 5. Nc3 a6 6. e3 Nf6 7. Nf3 Bf5 8. Nh4 Bd7 9. h3 h6 10. Bh2 g5 11. Nf3 Bf5 12. Be2 Bg7 13. Ne5 Nb4 14. Qa4+ Nc6 15. Nxc6 bxc6 16. Qxc6+ Bd7 17. Qc5 Rc8 18. Qb4 a5 19. Qb3 e6 20. Bd6 Rc6 21. Qa3 Qb6 22. Bc5 Qd8 23. Bb5 Rc8 24. Bd3 Rb8 25. Rb1 Bc6 26. b4 axb4 27. Rxb4 Ra8 28. Qb2 Nd7 29. a4 Nxc5 30. dxc5 Qf6 31. Rb8+ Rxb8 32. Qxb8+ Ke7 33. Qd6+ Ke8 34. Qxc6+ Kd8 35. Qd6+ 1-0

[Event "Catalunya-ch"]
[Site "Barcelona"]
[Date "2007.04.01"]
[Round "1"]
[White "Moskalenko, Viktor"]
[Black "Torner Planell, Jordi"]
[Result "1-0"]
[WhiteElo "2539"]
[BlackElo "1992"]
[PlyCount "53"]
[EventDate "2007.04.01"]
[EventType "swiss"]
[EventRounds "9"]
[EventCountry "ESP"]
[SourceTitle "CBM 117 Extra"]
[Source "ChessBase"]
[SourceDate "2007.05.09"]
[SourceVersion "1"]
[SourceVersionDate "2007.05.09"]
[SourceQuality "1"]

1. e4 c5 2. d3 Nc6 3. Nc3 d6 4. g3 g6 5. Bg2 Bg7 6. f4 e6 7. Nf3 Nge7 8. 0-0 0-0 9. Be3 Nd4 10. e5 Nef5 11. Bf2 Rb8 12. Ne4 b6 13. g4 Nxf3+ 14. Bxf3 Nd4 15. Nxd6 Nxf3+ 16. Qxf3 Bd7 17. Bg3 f5 18. gxf5 gxf5 19. h3 Qc7 20. Kh2 Be8 21. Rg1 Kh8 22. Bh4 Bg6 23. Rxg6 hxg6 24. Rg1 Rbd8 25. Bxd8 Qxd8 26. Rxg6 Qh4 27. Qg3 1-0